000 00801nam a2200241Ia 4500
003 GCL
008 140319s9999 xx 000 0 ara d
040 _aGCL /
_cGCL
082 0 4 _aق
_b962.064
_bم ح
100 1 _aمحمد حسنين هيكل
245 1 0 _aحديث المبادرة 1977 - 1997 /
_cمحمد حسنين هيكل
260 _aبيروت :
_bشركة المطبوعات للتوزيع والنشر ،
_c1986
300 _a287 ص
490 _a
650 0 4 _aالعصر الحديث
650 0 4 _aمصر
650 0 4 _aتاريخ
650 0 4 _aالاتحاد السوفيتى
650 0 4 _aالنزاع العربى الاسرائيلى
650 0 4 _aالولايات المتحدة الامريكية
650 0 4 _aاتفاقيات كامب ديفيد
942 _2ddc
_cBK
999 _c52964
_d52964